Europäischer Binnenmarkt Umwelt und Bahn.

Návrhy komisie ES na harmonizovanie konkurenčných podmienok železníc v Európe. Negatívne dôsledky deregulácie na spolkové železnice. Stratégia nemeckých železníc - kooperácia v preprave tovarov, ponuka superrýchlych vlakov, kooperácia s Lufthansou. Vývoj dopravy s novými spolkovými krajinami a výcho...

Descrizione completa

Salvato in:
Dettagli Bibliografici
Autore principale: Ellwanger, G.
Natura: Capitolo di libro
Lingua:tedesco
Soggetti:
Tags: Aggiungi Tag
Nessun Tag, puoi essere il primo ad aggiungerne!!

MARC

LEADER 00000naa a2200000 4500
001 r008732
005 20221130103246.6
041 0 |a ger 
044 |a DE 
245 1 0 |a Europäischer Binnenmarkt Umwelt und Bahn.  |c G. Ellwanger 
520 |a Návrhy komisie ES na harmonizovanie konkurenčných podmienok železníc v Európe. Negatívne dôsledky deregulácie na spolkové železnice. Stratégia nemeckých železníc - kooperácia v preprave tovarov, ponuka superrýchlych vlakov, kooperácia s Lufthansou. Vývoj dopravy s novými spolkovými krajinami a východnou Európou. 
610 2 0 |a doprava železničná 
610 2 0 |a Európa 
610 2 0 |a Nemecko 
610 2 0 |a konkurencia 
610 2 0 |a trh 
610 2 0 |a ekológia 
100 1 |a Ellwanger, G.